000 00696cam a22002413a 4500
001 10840
003 PGUSA
005 20140828083229.0
008 040101s2004||||xxu|||||s|||||000 | eng d
040 _aPGUSA
_beng
042 _adc
050 4 _aDU
100 1 _aFavenc, Ernest,
_d1846-1908
245 1 4 _aThe Explorers of Australia and their Life-work
_h[electronic resource] /
_cErnest Favenc
260 _bProject Gutenberg,
_c2004
506 _aPublic domain in the USA.
516 _aElectronic text
653 _aExplorers
653 _aAustralia -- Discovery and exploration
830 0 _aProject Gutenberg
_v10840
856 4 0 _uhttp://www.gutenberg.org/ebooks/10840
942 _cEB
999 _c240095
_d240095